[Event "Eastern op 46th"]
[Site "Tysons"]
[Date "2019.12.30"]
[Round "7"]
[White "Luo, Terry"]
[Black "Stancil, Kimani A"]
[Result "1-0"]
[WhiteElo "2011"]
[BlackElo "1941"]
[PlyCount "130"]
[EventDate "2019.12.27"]
[EventType "swiss"]
[EventRounds "7"]
[EventCountry "USA"]
[SourceTitle "CBM 194 Extra"]
[Source "ChessBase"]
[SourceDate "2020.03.31"]
[SourceVersion "1"]
[SourceVersionDate "2020.03.31"]
[SourceQuality "1"]

1. d4 d6 2. Nf3 Nd7 3. c4 e5 4. Nc3 c6 5. e4 h6 6. Be2 Ngf6 7. 0-0 Be7 8. Re1 Qc7 9. Bf1 Nf8 10. d5 c5 11. a3 Ng6 12. b4 b6 13. bxc5 bxc5 14. a4 0-0 15. Bd3 Bd7 16. Bd2 a6 17. a5 Rab8 18. Na4 Nh5 19. Nb6 Ngf4 20. Bf1 f5 21. Nxd7 Qxd7 22. Qa4 Qxa4 23. Rxa4 fxe4 24. Rxe4 g5 25. g3 Ng6 26. Kg2 Nf6 27. Re2 Rb3 28. Ne1 e4 29. Nc2 Ne5 30. Ne3 Nh5 31. Nd1 Rd3 32. Nb2 Rdf3 33. Nd1 Rd3 34. Nb2 Rdf3 35. Nd1 Nf6 36. Bc3 Ned7 37. Re3 Rf5 38. Ra2 Rb8 39. Rb2 Rxb2 40. Bxb2 Bf8 41. Re2 g4 42. Ne3 Rg5 43. Bc3 Be7 44. Rb2 Bd8 45. Rb7 Kf8 46. Ra7 Ne5 47. Bxe5 Rxe5 48. Rxa6 Bc7 49. Ra8+ Re8 50. Rxe8+ Kxe8 51. a6 Bb8 52. Nf5 Kd7 53. Nxh6 Kc7 54. Be2 Kb6 55. Nxg4 Nd7 56. h4 Kxa6 57. h5 Bc7 58. Bd1 Ka5 59. h6 Nf8 60. Nf6 Kb4 61. Be2 Kc3 62. Nxe4+ Kd4 63. Ng5 Bd8 64. Ne6+ Nxe6 65. dxe6 Ke5 1-0

[Event "Eastern op 45th"]
[Site "Tysons"]
[Date "2018.12.27"]
[Round "1"]
[White "Paul, Justin"]
[Black "Stancil, Kimani A"]
[Result "1-0"]
[WhiteElo "2253"]
[BlackElo "2001"]
[PlyCount "120"]
[EventDate "2018.12.27"]
[EventType "swiss"]
[EventRounds "7"]
[EventCountry "USA"]
[SourceTitle "CBM 188 Extra"]
[Source "ChessBase"]
[SourceDate "2019.02.26"]
[SourceVersion "1"]
[SourceVersionDate "2019.02.26"]
[SourceQuality "1"]

1. e4 c5 2. Nf3 d6 3. Bb5+ Nd7 4. 0-0 a6 5. Bxd7+ Qxd7 6. a4 Nf6 7. Re1 g5 8. e5 dxe5 9. Nxe5 Qf5 10. Nc4 Be6 11. Re5 Qg6 12. d3 h6 13. Rxc5 Nd7 14. Rc7 Bg7 15. d4 Rd8 16. Ne3 Qe4 17. Nc3 Qxd4 18. Qxd4 Bxd4 19. Rxb7 Nc5 20. Rc7 Rc8 21. Rxc8+ Bxc8 22. Bd2 e6 23. f3 f5 24. Kf1 Bd7 25. b4 Nb7 26. Ra3 Ke7 27. Ne2 Bb2 28. Ra2 Be5 29. Nc4 Bb8 30. f4 Bc6 31. Ra3 Kf7 32. h3 Rg8 33. fxg5 hxg5 34. Nd4 Be4 35. Nf3 f4 36. Nce5+ Ke7 37. Rc3 Bd6 38. Nc6+ Kf6 39. Rc4 Bd5 40. Bc3+ Kf5 41. g4+ fxg3 42. Rg4 e5 43. Nfxe5 Bxe5 44. Nxe5 g2+ 45. Kg1 Rc8 46. Rg3 Nd6 47. Rd3 Be4 48. Re3 Rxc3 49. Rxc3 Kxe5 50. b5 axb5 51. axb5 Kd4 52. Rg3 Nf7 53. b6 Ne5 54. Kf2 Nc4 55. c3+ Kc5 56. Rxg5+ Kxb6 57. h4 Nd6 58. h5 Nf5 59. Rg4 Bc2 60. Rxg2 Kc5 1-0

[Event "Washington op"]
[Site "Washington DC "]
[Date "2015.10.10"]
[Round "6"]
[White "Paul, Justin"]
[Black "Stancil, Kimani A"]
[Result "1/2-1/2"]
[WhiteElo "1926"]
[BlackElo "2042"]
[PlyCount "71"]
[EventDate "2015.10.07"]
[EventType "swiss"]
[EventRounds "9"]
[EventCountry "USA"]
[SourceTitle "CBM 168 Extra"]
[Source "ChessBase"]
[SourceDate "2015.10.29"]
[SourceVersion "1"]
[SourceVersionDate "2015.10.29"]
[SourceQuality "1"]

1. Nf3 f5 2. g3 Nf6 3. Bg2 g6 4. b3 Bg7 5. Bb2 d6 6. d4 e6 7. 0-0 0-0 8. c4 Nbd7 9. Nc3 a5 10. Qc2 Qe7 11. Rad1 h6 12. e4 Qf7 13. exf5 gxf5 14. Rfe1 Nh7 15. Nh4 Kh8 16. Nb5 Ndf6 17. d5 e5 18. Nxf5 Ng5 19. Nh4 Nh3+ 20. Bxh3 Bxh3 21. Qg6 Qd7 22. Bc1 Ng8 23. f3 Rxf3 24. Nxf3 Bf5 25. Qe6 Bxe6 26. dxe6 Qc6 27. Nh4 Re8 28. Na7 Qb6+ 29. Be3 c5 30. Nb5 Rxe6 31. Nf5 Bf8 32. Rf1 Kh7 33. Rf2 Nf6 34. Nh4 Bg7 35. Nc3 Ng4 36. Re2 1/2-1/2

[Event "Continental Class-ch"]
[Site "Arlington"]
[Date "2011.10.08"]
[Round "4"]
[White "Kaufman, Larry C"]
[Black "Stancil, Kimani A"]
[Result "1-0"]
[WhiteElo "2406"]
[BlackElo "2090"]
[PlyCount "111"]
[EventDate "2011.10.06"]
[EventType "swiss"]
[EventRounds "9"]
[EventCountry "USA"]
[SourceTitle "CBM 144 Extra"]
[Source "ChessBase"]
[SourceDate "2011.10.28"]
[SourceVersion "1"]
[SourceVersionDate "2011.10.28"]
[SourceQuality "1"]

1. d4 Nf6 2. c4 e6 3. Nc3 Bb4 4. Qc2 Nc6 5. Nf3 d5 6. cxd5 exd5 7. Bf4 0-0 8. e3 Nh5 9. Bg3 Bg4 10. Be2 g6 11. Bh4 Qd7 12. h3 Bf5 13. Qb3 Be4 14. 0-0 Kg7 15. Nd2 Bxc3 16. Qxc3 Kh6 17. f3 Bf5 18. g4 g5 19. Bf2 Be6 20. gxh5 Bxh3 21. Rfe1 f5 22. Kh2 f4 23. e4 Rae8 24. Bb5 g4 25. fxg4 Bxg4 26. Rac1 Qf7 27. Nf3 Qxh5+ 28. Nh4 dxe4 29. Bxc6 bxc6 30. Qxc6+ Re6 31. Qc5 Rf5 32. Qc4 Rff6 33. Qxc7 e3 34. Rc5 Qe8 35. Bg1 Rf7 36. Qa5 Qb8 37. Kh1 Qxb2 38. Qc3 Qb7+ 39. d5 Qe7 40. Ng2 Rg6 41. d6 Qxd6 42. Rxe3 Rf5 43. Rh3+ Kg5 44. Rxf5+ Bxf5 45. Rh2 Be4 46. Qe1 Qe5 47. Rh5+ Kf6 48. Rxe5 Kxe5 49. Qc3+ Kf5 50. Qc8+ Ke5 51. Qc7+ Kd5 52. Qd7+ Rd6 53. Qf7+ Ke5 54. Qxf4+ Kd5 55. Qf7+ Re6 56. Kh2 1-0

[Event "Philadelphia op"]
[Site "Philadelphia"]
[Date "2008.06.28"]
[Round "4"]
[White "Stancil, Kimani A"]
[Black "Mohanty, Kiran Monisha"]
[Result "1/2-1/2"]
[WhiteElo "2162"]
[BlackElo "2316"]
[PlyCount "75"]
[EventDate "2008.06.26"]
[EventType "swiss"]
[EventRounds "9"]
[EventCountry "USA"]
[SourceTitle "CBM 125 Extra"]
[Source "ChessBase"]
[SourceDate "2008.09.01"]
[SourceVersion "1"]
[SourceVersionDate "2008.09.01"]
[SourceQuality "1"]

1. e4 c5 2. Nf3 Nc6 3. d4 cxd4 4. Nxd4 Nf6 5. Nc3 d6 6. a3 a6 7. Bc4 e6 8. Ba2 Qc7 9. Be3 b5 10. f3 Na5 11. Qe2 Rb8 12. Nd1 e5 13. Nb3 Nc4 14. Bc1 Be6 15. Ne3 Be7 16. g4 Nxe3 17. Bxe3 d5 18. g5 Nd7 19. exd5 Bxd5 20. Rd1 Be6 21. Bb1 Nb6 22. Nc1 Nc4 23. Nd3 0-0 24. Bc1 Rbe8 25. 0-0 f5 26. gxf6 Rxf6 27. Nf2 Bc5 28. Kh1 Nd6 29. c3 Bc4 30. Bd3 Bxd3 31. Nxd3 Ba7 32. Nb4 Qb7 33. Nd5 Rg6 34. Be3 e4 35. Bxa7 Qxa7 36. fxe4 Nxe4 37. Qf3 h6 38. Rd4 1/2-1/2

[Event "World op 32nd"]
[Site "Philadelphia"]
[Date "2004.07.06"]
[Round "9"]
[White "Dougherty, Michael J"]
[Black "Stancil, Kimani A"]
[Result "1-0"]
[WhiteElo "2229"]
[BlackElo "2121"]
[PlyCount "63"]
[EventDate "2004.07.01"]
[EventType "swiss"]
[EventRounds "9"]
[EventCountry "USA"]
[SourceTitle "CBM 101 Extra"]
[Source "ChessBase"]
[SourceDate "2004.09.01"]
[SourceVersion "2"]
[SourceVersionDate "2004.09.01"]
[SourceQuality "1"]

1. d4 Nf6 2. Nf3 e6 3. Bg5 d5 4. e3 Be7 5. c4 0-0 6. Nc3 Nbd7 7. Qc2 b6 8. cxd5 exd5 9. Bd3 c5 10. 0-0 Bb7 11. Ne5 h6 12. Bxf6 Bxf6 13. f4 Nxe5 14. dxe5 Be7 15. Rad1 Qc7 16. Nxd5 Bxd5 17. Bh7+ Kh8 18. Rxd5 Rfd8 19. Be4 Rac8 20. Rfd1 b5 21. Bf3 Rxd5 22. Bxd5 c4 23. Qf5 Rf8 24. Bxf7 b4 25. e6 c3 26. bxc3 bxc3 27. Qc2 Rb8 28. Bg6 Rb2 29. Qa4 Qc5 30. Rd8+ Bf8 31. Qd4 Qa3 32. Qxc3 1-0

[Event "World op 32nd"]
[Site "Philadelphia"]
[Date "2004.07.04"]
[Round "6"]
[White "Stancil, Kimani A"]
[Black "Ginsburg, Mark"]
[Result "0-1"]
[WhiteElo "2121"]
[BlackElo "2364"]
[PlyCount "80"]
[EventDate "2004.07.01"]
[EventType "swiss"]
[EventRounds "9"]
[EventCountry "USA"]
[SourceTitle "CBM 101 Extra"]
[Source "ChessBase"]
[SourceDate "2004.09.01"]
[SourceVersion "2"]
[SourceVersionDate "2004.09.01"]
[SourceQuality "1"]

1. e4 g6 2. d4 Bg7 3. Nc3 d6 4. Be3 a6 5. Be2 b5 6. Qd2 Bb7 7. f3 Nd7 8. Nh3 c5 9. Nd1 cxd4 10. Bxd4 Ngf6 11. 0-0 0-0 12. a4 Bc6 13. a5 Qc7 14. Bd3 Rfe8 15. Kh1 Qb7 16. Ndf2 e5 17. Be3 Rad8 18. Bg5 Nc5 19. Ng4 Nxg4 20. Bxd8 Nxh2 21. Bb6 Nxf1 22. Bxf1 Na4 23. Be3 Nxb2 24. Rb1 Na4 25. Qxd6 Qd7 26. Qb4 Bf8 27. Qe1 Nc5 28. Rd1 Qc7 29. Qf2 Ne6 30. Qh4 Qxa5 31. Nf2 h5 32. g4 Qc3 33. Rd3 Qe1 34. Qh3 Nf4 35. Bxf4 exf4 36. Qg2 Bc5 37. Nh3 hxg4 38. Nxf4 gxf3 39. Qh3 Qxe4 40. Nxg6 Qxg6 0-1

[Event "Philadelphia National op 33rd"]
[Site "Philadelphia"]
[Date "2002.11.29"]
[Round "1"]
[White "Muhammad, Stephen A"]
[Black "Stancil, Kimani A"]
[Result "1-0"]
[WhiteElo "2368"]
[BlackElo "2026"]
[PlyCount "73"]
[EventDate "2002.11.29"]
[EventType "swiss"]
[EventRounds "6"]
[EventCountry "USA"]
[SourceTitle "CBM 091 Extra"]
[Source "ChessBase"]
[SourceDate "2003.01.09"]
[SourceVersion "1"]
[SourceVersionDate "2003.01.09"]
[SourceQuality "1"]

1. d4 Nf6 2. Nf3 e6 3. c4 b6 4. g3 Bb4+ 5. Bd2 a5 6. Bg2 0-0 7. Nc3 d5 8. Ne5 Bb7 9. 0-0 Nbd7 10. Bg5 c6 11. Nxd7 Qxd7 12. Na4 b5 13. Nb6 Qd8 14. c5 Ra6 15. Bxf6 gxf6 16. a3 Rxb6 17. cxb6 Bd6 18. e4 Qxb6 19. Re1 Rb8 20. Qg4+ Kh8 21. Rad1 b4 22. Qh4 Kg7 23. Re3 bxa3 24. bxa3 Ba6 25. e5 Be7 26. Bf1 Bxf1 27. Rxf1 Qd8 28. Qg4+ Kh8 29. exf6 Bxf6 30. Rf3 Rb7 31. Rc1 Rc7 32. Rb1 Bg7 33. Rfb3 Rc8 34. Qf4 f6 35. Rb7 Qf8 36. Ra7 Bh6 37. Qh4 1-0

[Event "Boylston CC-ch"]
[Site "Boston"]
[Date "2001.12.05"]
[Round "8"]
[White "Stancil, Kimani A"]
[Black "Desmarais, Chris"]
[Result "1-0"]
[WhiteElo "2094"]
[BlackElo "2223"]
[PlyCount "81"]
[EventDate "2001.11.??"]
[EventType "tourn"]
[EventRounds "10"]
[EventCountry "USA"]
[SourceTitle "EXT 2005"]
[Source "ChessBase"]
[SourceDate "2004.11.15"]
[SourceVersion "1"]
[SourceVersionDate "2004.11.15"]
[SourceQuality "1"]

1. e4 c5 2. Nf3 d6 3. d4 cxd4 4. Nxd4 Nf6 5. Nc3 a6 6. Bd3 e5 7. Nb3 Be7 8. 0-0 0-0 9. Kh1 b5 10. a3 Bb7 11. Qe2 Nbd7 12. Rd1 Qc7 13. Bg5 Nc5 14. f4 Ne6 15. Rf1 Nxg5 16. fxg5 Nd7 17. Qg4 Qd8 18. h4 Nc5 19. Nxc5 dxc5 20. Nd5 c4 21. Be2 Bxd5 22. exd5 Rc8 23. Rad1 c3 24. b4 Qd6 25. Bd3 Rcd8 26. Rf3 g6 27. Be4 Rc8 28. Rdd3 Rc4 29. Rfe3 h5 30. Qe2 a5 31. Rxc3 axb4 32. Rxc4 bxc4 33. axb4 Qxb4 34. g4 hxg4 35. Qxg4 Bc5 36. Re2 Ra8 37. Kh2 Qb1 38. Bxg6 Ra1 39. Bxf7+ Kg7 40. Qg2 Bg1+ 41. Kh3 1-0

[Event "Harvard op 27th"]
[Site "Cambridge"]
[Date "1999.09.25"]
[Round "2"]
[White "Stancil, Kimani A"]
[Black "Tylevich, David"]
[Result "1/2-1/2"]
[WhiteElo "2106"]
[BlackElo "2353"]
[PlyCount "129"]
[EventDate "1999.09.09"]
[EventType "swiss"]
[EventRounds "4"]
[EventCountry "USA"]
[SourceTitle "EXT 2005"]
[Source "ChessBase"]
[SourceDate "2004.11.15"]
[SourceVersion "1"]
[SourceVersionDate "2004.11.15"]
[SourceQuality "1"]

1. e4 c5 2. Nf3 d6 3. d4 cxd4 4. Nxd4 Nf6 5. Nc3 a6 6. Bd3 g6 7. 0-0 Bg7 8. h3 0-0 9. a4 b6 10. Be3 Bb7 11. Qd2 Re8 12. Bh6 Bh8 13. f4 Nbd7 14. Rae1 Nc5 15. Nf3 d5 16. e5 Nfe4 17. Qe3 Nxc3 18. bxc3 e6 19. Ng5 Bg7 20. Bxg7 Kxg7 21. Qg3 Nxd3 22. cxd3 h6 23. Nf3 Rc8 24. Rc1 Kh7 25. Kh2 Rc7 26. Qf2 Rc5 27. g4 Bc8 28. d4 Rc7 29. h4 Qd7 30. h5 Qxa4 31. g5 Rh8 32. gxh6 Kxh6 33. Qh4 Qe8 34. Rg1 Kg7 35. Rg5 Qe7 36. Qg4 Kf8 37. Kg3 gxh5 38. Rxh5 Rxh5 39. Qxh5 Ke8 40. Ng5 Rc4 41. Nh7 b5 42. Nf6+ Kd8 43. Qh8+ Kc7 44. Ne8+ Kb8 45. Nd6 Rc6 46. Kf2 Qc7 47. Qh3 b4 48. Qd3 Rxc3 49. Rxc3 bxc3 50. Qc2 Bd7 51. Ke2 Bb5+ 52. Kf2 Ka7 53. Ke3 Ba4 54. Qxa4 c2 55. Nb5+ Kb8 56. Nxc7 c1Q+ 57. Ke2 Qb2+ 58. Kf3 Kxc7 59. Qxa6 Kd7 60. Qa7+ Ke8 61. Qc5 Qb1 62. Qc8+ Ke7 63. Qc5+ Kd7 64. Qa7+ Ke8 65. Qa8+ 1/2-1/2